000 00471nam a22001697a 4500
005 20251108164943.0
008 250721s2002 xx 000 0 ara d
082 1 4 _a415.11/إبر
100 1 _aإبراهيم، خليل
245 1 0 _aالمعين في تصريف الأفعال /
264 1 _aعمان :
_bالأهلية،
_c2002.
300 _a300ص.
650 1 7 _aقواعد اللغة
650 1 7 _aالأفعال (نحو)
942 _2ddc
_cBK
999 _c18302
_d18302